Tapascharanam and Gitanjali/ (Record no. 68363)
[ view plain ]
| 000 -LEADER | |
|---|---|
| fixed length control field | 01548nam a22002657a 4500 |
| 005 - DATE AND TIME OF LATEST TRANSACTION | |
| control field | 2012071006226.0 |
| 010 ## - LCCN (DPL NO) | |
| LC control number | B-462399-403 |
| 020 ## - INTERNATIONAL STANDARD BOOK NUMBER | |
| International Standard Book Number | 9788184352122 |
| Terms of availability | 125.00 |
| 035 ## - SYSTEM CONTROL NUMBER | |
| System control number | B-462399-403 |
| 037 ## - SOURCE OF ACQUISITION | |
| Stock number | dpl |
| Source of stock number/acquisition | K.K.Pub/Ven |
| 082 ## - DEWEY DECIMAL CLASSIFICATION NUMBER | |
| Classification number | 881 |
| 100 ## - MAIN ENTRY--PERSONAL NAME | |
| Personal name | Charu sheel Singh |
| 245 ## - TITLE STATEMENT | |
| Title | Tapascharanam and Gitanjali/ |
| Statement of responsibility, etc | by Charu Sheel Singh and Rabindranath Tagore |
| 260 ## - PUBLICATION, DISTRIBUTION, ETC. (IMPRINT) | |
| Place of publication, distribution, etc | New Delhi |
| Name of publisher, distributor, etc | Adhyayan Publishers |
| Date of publication, distribution, etc | 2010 |
| 270 ## - ADDRESS | |
| Address | 4378/4B, 105, J.M.D. House, Murari Lal Street, Ansari Road, Daryaganj |
| City | New Delhi |
| 300 ## - PHYSICAL DESCRIPTION | |
| Extent | 120p |
| Dimensions | 25cm |
| 710 ## - ADDED ENTRY--CORPORATE NAME | |
| Corporate name or jurisdiction name as entry element | Tagore,Rabindranath |
| 9 (RLIN) | 50002 |
| 942 ## - ADDED ENTRY ELEMENTS (KOHA) | |
| Source of classification or shelving scheme | Dewey Decimal Classification |
| Item type | English Books |
| Classification part | 881 |
| Call number suffix | TAG |
| Withdrawn status | Lost status | Not for loan | Collection code | Home library | Current library | Date acquired | Source of acquisition | Cost, normal purchase price | Full call number | Barcode | Copy number | Cost, replacement price | Koha item type |
|---|---|---|---|---|---|---|---|---|---|---|---|---|---|
| Non-fiction | Central Library | Central Library | 12/07/2012 | K.K.Pub/1708/26.12.2011/25/18.01.2012/15.02.2012 | 125.00 | 881 TAG | B-462399 | 1 | 125.00 | English Books | |||
| Non-fiction | Karol Bagh | Karol Bagh | 12/07/2012 | K.K.Pub/1708/26.12.2011/25/18.01.2012/15.02.2012 | 125.00 | 881 TAG | B-462402 | 1 | 125.00 | English Books | |||
| Non-fiction | Patel Nagar | Patel Nagar | 12/07/2012 | K.K.Pub/1708/26.12.2011/25/18.01.2012/15.02.2012 | 125.00 | 881 TAG | B-462400 | 1 | 125.00 | English Books | |||
| Non-fiction | Sarojini Nagar | Sarojini Nagar | 12/07/2012 | K.K.Pub/1708/26.12.2011/25/18.01.2012/15.02.2012 | 125.00 | 881 TAG | B-462401 | 1 | 125.00 | English Books | |||
| Non-fiction | Shahdara Branch | Shahdara Branch | 12/07/2012 | K.K.Pub/1708/26.12.2011/25/18.01.2012/15.02.2012 | 125.00 | 881 TAG | B-462403 | 1 | 125.00 | English Books |
